000 01272cac a2200373 i 4500
003 EG-GICUC
005 20260121101501.0
008 090102s2009 nyu fr 001 0 eng d
020 _a9781599415697
_qhbk. alk. paper
020 _a9781599416427
_qpbk. : alk. paper ; teacher's manual
040 _aDLC
_cDLC
_dDLC
_dEG-GICUC
_beng
_erda
043 _an-us---
050 0 0 _aKF9218
_b.D82 2009
082 0 0 _a343.1073
_221
092 0 4 _221
099 _aLaw 10 2009
100 1 _aDubber, Markus Dirk.
245 1 0 _aAmerican criminal law :
_bcases, statutes, and comments /
_cby Markus D. Dubber, Mark G. Kelman.
250 _a2nd edition.
264 _aNew York, NY :
_bFoundation Press Thomson/West,
_c2009.
300 _axlix, 980 [109] page ;
_c27 cm.
336 _atext
_btxt
_2rdacontent
337 _aunmediated
_bn
_2rdamedia
338 _avolume
_bnc
_2rdacarrier
440 0 _aUniversity casebook series
500 _aIncludes index.
500 _aAccompanied by: Teacher's manual (xxiii, 320 p. ; 26 cm.), c2009.
650 0 _aCriminal law
_zUnited States.
655 7 _aCasebooks (Law)
_2lcgft
700 1 _aKelman, Mark G.,
_d1951-
856 4 0 _uhttps://fll.law.cu.edu.eg/fulltext/bks/ENGB10-00032.pdf
905 _a10
942 _2ddc
_cBK
_e21
_n0
999 _c50393
_d50393